=LDR 00000nam 2200000 4500 =001 INLIS000000000020549 =005 20130612115514 =008 ***********************************Ind** =035 ##$$0010-061300000020549 =041 ##$$a Ind =082 ##$$a 510.021 =090 ##$$a 510.021, Les k =100 ##$$a Sri Lestari =245 ##$$a Kumpulan rumus matematika SMP, oleh Sri Lestari ; penyunting, Tajudin =260 ##$$a 2003 $b Jakarta =300 ##$$a xi, 132 hlm, ilus, 18 cm =650 ##$$a Matematika-Rumus petunjuk =850 ##$$a NBPNMAT